[Event "Corus"]
[Site "Wijk aan Zee"]
[Date "2005.01.26"]
[Round "10"]
[White "Anand, Viswanathan"]
[Black "Van Wely, Loek"]
[Result "1/2-1/2"]
[WhiteElo "2786"]
[BlackElo "2679"]
[Annotator "Rogozenco,D"]
[PlyCount "84"]
[EventDate "2005.01.15"]
[EventType "tourn"]
[EventRounds "13"]
[EventCountry "NED"]
[EventCategory "19"]
[SourceTitle "CBM 105"]
[Source "ChessBase"]
[SourceDate "2005.04.11"]
[SourceVersion "1"]
[SourceVersionDate "2005.04.11"]
[SourceQuality "1"]

1. e4 c5 2. Nf3 Nc6 3. d4 cxd4 4. Nxd4 Nf6 5. Nc3 e5 6. Ndb5 d6 7. Bg5 a6 8.
Na3 b5 9. Bxf6 gxf6 10. Nd5 f5 11. Bd3 Be6 12. O-O Bxd5 13. exd5 Ne7 14. Re1
Bg7 15. Rb1 (15. c3 {is the main continuation}) 15... O-O 16. c4 f4 $6 (16...
bxc4 17. Nxc4 $14) (16... b4 17. Nc2 a5 $14 {/=}) (16... e4 17. Bf1 Qb6 (17...
Ng6 $5 18. cxb5 axb5 19. Bxb5 Bxb2 $11 (19... Qg5 $44)) 18. Qh5 (18. Qd2 Rfc8
19. Kh1 Qd4 $11 {1/2-1/2 Luther,T-Ramirez Alvarez,A/Santo Domingo 2003 (30)})
18... Rfc8 19. b4 Qd4 20. Rb3 bxc4 21. Nxc4 Rxc4 22. Rd1 $13 {1/2-1/2 Luther,
T-Van Wely,L/Chalkidiki 2002 (67)}) 17. cxb5 axb5 18. Bxb5 f5 19. Nc4 $1 e4 (
19... Rxa2 20. Na3 $18 {[%csl Ra2]}) 20. a4 f3 (20... Ng6 21. f3 $16) 21. gxf3
Ng6 22. fxe4 Qh4 23. Qf3 fxe4 24. Qg3 Qh6 25. Rxe4 {Three pawns up and
everything well protected. Normally White should be able to consolidate easily,
but Anand failed to achieve that task.} Nf4 26. Kh1 Kh8 27. Rbe1 Rf6 28. Be8 (
28. Re8+ Rxe8 29. Rxe8+ Bf8 30. Ne3 $18) (28. Ne3 $18) 28... Ra7 29. Nb6 {
White's last two moves look a bit strange, but the worst is yet to come.} Rf5
30. Qg4 $2 {[%csl Rf2]} ({White had to take away first square f8 from black
rook:} 30. Nd7 Nh3 (30... Nxd5 31. Rh4 $18) 31. f4 Nxf4 32. Qg4 $18) 30... Rf8
$1 {[%csl Rf2][%cal Gf4h3,Gf4d3] All of a sudden things are unclear. White
managed to lose all coordination between pieces. Now pawn f2 in not longer
protected. Besides, the minor pieces are completely misplaced.} 31. Rf1 (31.
Nd7 Nh3 $13) ({A picturesque position arises after} 31. Rd1 {[%csl Gd3]} Nh3 {
[%csl Rd1,Re4,Rg4,Rh1][%cal Gh3f2] A knight on the edge is certainly not
always a bad piece.  White is lost. He did everything here to arrange the
pieces "conveniently" for opponent's knight. To complete the picture White
should have played Bd3 instead of Be8.}) 31... Be5 $1 (31... Nh3 $2 32. f4 $18)
32. Bd7 $8 Nxd5 {Who could guess five moves ago that Black would create a
mating threat in one? Realizing that he can be even worse must have felt like
a real nightmare for Anand.} 33. Rxe5 $8 dxe5 34. Nxd5 $8 Qd6 35. Be6 {With a
serie of only moves Anand succeeds to save the game.} Re8 36. Rc1 Qxe6 37. Qxe6
Rxe6 38. b3 Rf7 39. Kg2 Rg6+ 40. Kf1 Rh6 41. Kg2 Rg6+ 42. Kf1 Rh6 {A curious
encounter, which probably costed the Indian GM the first place in Wijk aan Zee
this year.} 1/2-1/2

[Event "Sao Paulo zt 2.4"]
[Site "Sao Paulo"]
[Date "2003.09.22"]
[Round "4"]
[White "Milos, Gilberto"]
[Black "Zambrana, Oswaldo"]
[Result "1/2-1/2"]
[WhiteElo "2592"]
[BlackElo "2404"]
[Annotator "Rogozenco,D"]
[PlyCount "54"]
[EventDate "2003.09.19"]
[EventType "tourn"]
[EventRounds "9"]
[EventCountry "BRA"]
[EventCategory "9"]
[SourceTitle "CBM 098"]
[Source "ChessBase"]
[SourceDate "2004.02.03"]
[SourceVersion "1"]
[SourceVersionDate "2004.02.03"]
[SourceQuality "1"]

1. e4 c5 2. Nf3 Nc6 3. d4 cxd4 4. Nxd4 Nf6 5. Nc3 e5 6. Ndb5 d6 7. Bg5 a6 8.
Na3 b5 9. Bxf6 gxf6 10. Nd5 f5 11. Bd3 Be6 12. O-O Bxd5 13. exd5 Ne7 14. c3 Bg7
15. Rc1 {Interesting, but hardly pretending to reach an opening advantage.
White prepares to retreat the bishop on b1 at once. Comparing with a similar
line, starting with 15.Qh5, White wins a tempo because the bishop doesn't have
to retreat on c2 first. On the other hand white rook on c1 is of little use
for the future fight in the center.} (15. Qh5 e4 16. Bc2 Qc8 17. Rae1 (17. Rad1
Qc5 $11 (17... O-O {is possible too, as seen bellow at comments to 18.Rcd1
instead of f3 in the main game.})) 17... O-O 18. Bb1 {+/=/=. Black is to move
here. In the game White had a rook on c1 and was his turn to move.}) 15... O-O
16. Qh5 (16. Bb1 e4 (16... Bh6 17. Rc2 Ng6 $13 {0-1 Esmaili,A-Khakpoor,A/Fajr
1993 (41)}) 17. Nc2 Ng6 18. Ne3 Qg5 $132 {0-1 Witt,A-Wissemann,A/Wiesbaden
1998 (25)}) 16... Qc8 17. Bb1 e4 $146 {A provokative novelty, underlining that
the rook on c1 is of little use.} 18. f3 {Although White is formally a tempo
up comparing to the line starting with 15...Qh5, Black can use the absence of
the rook from d1 or e1.} (18. Rce1 {see 15.Qh5.}) ({or} 18. Rcd1 {Here White
avoided Black's possibility to play Qc5 before castling, but it is still not
enough for advantage.} Qc5 $1 19. Kh1 Rae8 $11) 18... Qc5+ 19. Kh1 Nxd5 20.
Qxf5 Ne3 $1 {With the rook on e1 this would have been impossible.} 21. Qxc5
dxc5 22. Bxe4 (22. Rfe1 b4 $5 (22... exf3 23. gxf3 (23. Rxe3 $2 Bh6 {is risky
for White.}) 23... Bh6 $11)) 22... Nxf1 23. Bxa8 Rxa8 24. Rxf1 Re8 $11 25. Kg1
Re2 26. Rf2 Re1+ 27. Rf1 Re2 1/2-1/2

[Event "Sao Paulo zt 2.4"]
[Site "Sao Paulo"]
[Date "2003.09.20"]
[Round "2"]
[White "Lima, Darcy Gustavo Macha"]
[Black "Mecking, Henrique"]
[Result "1-0"]
[WhiteElo "2519"]
[BlackElo "2556"]
[Annotator "Rogozenco,D"]
[PlyCount "96"]
[EventDate "2003.09.19"]
[EventType "tourn"]
[EventRounds "9"]
[EventCountry "BRA"]
[EventCategory "9"]
[SourceTitle "CBM 098"]
[Source "ChessBase"]
[SourceDate "2004.02.03"]
[SourceVersion "1"]
[SourceVersionDate "2004.02.03"]
[SourceQuality "1"]

1. e4 c5 2. Nf3 Nc6 3. d4 cxd4 4. Nxd4 Nf6 5. Nc3 e5 6. Ndb5 d6 7. Bg5 a6 8.
Na3 b5 9. Bxf6 gxf6 10. Nd5 f5 11. Bd3 Be6 12. Qh5 Rg8 13. g3 Rg4 {Apparently
this move attributed to Kramnik will soon come out of fashion.} (13... Nd4 {
is the best.} 14. c3 fxe4 15. Bxe4 Bg4 {with a lot of complications, often
leading even to endgames. Black has reasonable chances here.}) 14. f4 $1 exf4
15. Nxf4 Qa5+ 16. Kd1 {For more information about this line, see
Motylev-Tzermiadianos from CBM 96.} Rxf4 17. gxf4 O-O-O (17... Qb4 18. exf5 Bd5
19. Re1+ Kd7 20. f6 $16) 18. exf5 Bd5 (18... b4 19. Nc4 Qc5 20. Nd2 Nd4 21. Ne4
Qd5 22. Ng3 $18 {1-0 Novotny,P-Nigrin,J/CZE-chT 2B corr 1999 (56)}) 19. Rf1 Qb4
20. f6 Be6 {Amazingly, only this move is a novelty. Black has a difficult
position anyway.} (20... Qd4 21. Qf5+ Be6 22. Qe4 Bg4+ 23. Kc1 Qxe4 24. Bxe4 d5
25. Bd3 $16 {1-0 Comp Mephisto PC Bord A-De Waard,J/The Hague 1995 (39)}) (
20... Ne5 21. Kc1 $16) 21. Kc1 Qd4 {Black is an exchange and a pawn down and
hopes for compensation because of White's temporary lack of coordination
between pieces. On the other hand Black's own pieces has difficulties to
create any real threats, while his own king can easily become a target for
attack as well. By returning a part of material, White will solve development
problems and remain with considerable advantage.} 22. Qf3 d5 23. c3 $1 {
The quickest way to bring the knight into play.} Qxf6 24. Nc2 Kb7 25. f5 Bc8
26. a4 {[%csl Rb7][%cal Ga1a8] White's extra exchange must bring the victory
sooner or later. All other factors are about the same.} b4 27. Nxb4 Nxb4 (27...
Bxb4 28. cxb4 Nxb4 {keeping a knight would have given more practical chances.})
28. cxb4 Bxb4 29. Kc2 Ka8 (29... Rd6 $142 $16 {with the idea to develop the
bishop on d7 in case of 30.Rac1.} 30. Rfc1 $5 (30. Bc4 $5)) 30. Rac1 Bb7 31.
Kb1 $18 {The rest is a technical matter.} Bd6 32. Qf2 Be5 33. Rc2 Qd6 34. f6 h6
35. a5 Re8 36. Re2 Rc8 37. h3 Rc6 38. Qe3 Bxf6 39. Qxh6 Qd8 40. Qd2 Re6 41.
Rxe6 fxe6 42. Qh6 Be7 43. Qxe6 Bc8 44. Qc6+ Bb7 45. Qb6 Qc8 46. Rc1 Qxh3 47.
Bxa6 Qf5+ 48. Ka1 Qd7 1-0

[Event "EU-chT (Men) 14th"]
[Site "Plovdiv"]
[Date "2003.10.17"]
[Round "6.4"]
[White "Nijboer, Friso"]
[Black "Avrukh, Boris"]
[Result "1/2-1/2"]
[WhiteElo "2577"]
[BlackElo "2609"]
[Annotator "Rogozenco,D"]
[PlyCount "68"]
[EventDate "2003.10.10"]
[EventType "team-swiss"]
[EventRounds "9"]
[EventCountry "BUL"]
[SourceTitle "CBM 098"]
[Source "ChessBase"]
[SourceDate "2004.02.03"]
[SourceVersion "1"]
[SourceVersionDate "2004.02.03"]
[SourceQuality "1"]
[WhiteTeam "Netherlands"]
[BlackTeam "Israel"]
[WhiteTeamCountry "NED"]
[BlackTeamCountry "ISR"]

1. e4 c5 2. Nf3 Nc6 3. d4 cxd4 4. Nxd4 Nf6 5. Nc3 e5 6. Ndb5 d6 7. Bg5 a6 8.
Na3 b5 9. Bxf6 gxf6 10. Nd5 f5 11. Bd3 Be6 12. O-O Bxd5 13. exd5 Ne7 14. Qh5 e4
15. Be2 Bg7 16. c3 O-O 17. Nc2 f4 18. Qg5 {A line which became pretty
fashionable lately. Attempts to find improvements in such lines with the help
of computer always remind me of a GM from an older generation, who said once
with nostalgia that in the past they were CREATING the game of chess right
there on the stage, in front of spectators. These days chess changed
dramatically. For instance this line was long time (rightly!) considered to
give Black sufficient counterplay and compensation, because at the cost of
just a pawn Black breaks opponent's pawn shield in front of the king and will
conduct an attack with opposite-coloured bishops, which must give him enough
attacking chances. In the past Black's compensation would have been out of
question, while today, younger players are trying to find mini-improvements in
their home laboratories (recognizing only the power of silicon monsters).
However, I am convinced that a compensation based on logical, classical rules,
remains a compensation and no computer will change such evaluation (unless
there are tactical mistakes, or when the position requires pure calculation,
of course), at least not in the battle between two humans.  In spite of
already several tries to prove an advantage here with White, each time Black
deviated and still achieved a draw without major efforts. "The computer
generation" will hardly stop and probably in the future we'll witness more
home preparation attempts to improve for White. Who would believe that Black
is okay if the computer shows that White has a plus thanks to his extra pawn??}
(18. f3 {Blockading Black's pawns looks more attractive "from a human point of
view", which in my opinion means that this is just stronger "for us". Let
computers play like computers and humans play like humans.}) 18... f5 19. Rfd1
(19. Qxf4 Nxd5 20. Qd2 Nb6 {no questions here for White researches. The
material is equal, so Black should be fine.}) 19... f3 $1 20. gxf3 {I suspect
that Black has compensation here in more than one way.} Rf6 $5 {Amazingly,
this was recommended back in 1988 by E. Sveshnikov, in his excellent book
about 5...e5 Sicilian. The evaluation was a very general one, but right to the
point - Black has compensation. The today's "computer generation" wouldn't
trust any general evaluation until checking it all with the help of computer.
It's nice to witness that the human was right in our case. Of course, nowadays
it would be unwise and even impossible to ignore the help of computer in one's
opening preparation. But analyzing same variation over and over again, trying
to find some mini-improvements in a position with extra pawn, in spite of the
fact that the compensation is obvious for a human, is not the most creative
process. The computers will always prefer White here, I suppose, since he is a
pawn up. On the other hand for creative and strong chessplayers it would be no
problem to play this position with Black either. Most of them would even enjoy
it.} ({Nijboer played this line himself with Black and probably didn't like
something. So most likely he prepared an improvement over his own game.} 20...
Kh8 {This still looks pretty good to me.} 21. Kh1 Be5 (21... Rg8 22. Qe3 Ng6
23. Nd4 Be5 24. Nxf5 exf3 25. Qxf3 Qf6 $44 {1/2-1/2 Grischuk,A-Krasenkow,M/
Germany 2003 (41)}) 22. f4 Rg8 23. Qh4 Bg7 24. Bh5 Qf8 25. Ne3 Bf6 26. Qh3 Qh6
27. Nxf5 Nxf5 28. Qxf5 Raf8 29. Rg1 Rxg1+ 30. Rxg1 Bxc3 $11 {1/2-1/2 Smirnov,
P-Nijboer,F/Istanbul 2003 (36)}) 21. Kh1 Rg6 22. Qe3 $146 (22. Qd2 Bh6 23. Ne3
Bf4 24. Rg1 Qf8 25. Qd1 Qh6 $44 {1-0 Charpentier,D-Leconte,J/FRA AJEC/1214
corr 1992 (62)}) 22... Bh6 (22... Qf8 23. fxe4) 23. Qd4 (23. f4 Qf8 $5 {
[%cal Gf8f6,Gf6h4]} (23... Rg7 {/\Ng6} 24. Nd4) 24. f3 (24. Nd4 $2 Nxd5) 24...
Qf6 25. fxe4 Qh4 26. Rf1 $13 (26. Bd3 Bxf4 27. Qe2 Kh8 28. Nd4 Rg3 $5 $36 (
28... Rag8 29. Nf3 $13) 29. Qf2 $140 $2 (29. Nf3 $2 Rxf3) (29. Rg1 Rxd3 $19)
29... Rag8 $19 {[%cal Gg3g1]})) 23... Bf4 {Black has an easy play. White's
extra pawn on the queenside cannot be converted as long as Black will have
counterplay on the kingside. And Black always will, since he has better
control over dark-squares.} (23... Bg7 $5 24. Qd2 Bh6 25. f4 Qf8 $13 {[%cal
Gf8f6,Gf6h4]}) 24. Rg1 (24. fxe4 $4 Nc6 $1 25. dxc6 Qh4 $19) 24... Qf8 25.
Rxg6+ Nxg6 (25... hxg6 $5 {[%csl Rh2][%cal Gg8f7,Rf8h6,Ya8h8,Yh8h2]}) 26. Rg1 {
Forced.} Qh6 27. Rg2 Re8 28. fxe4 Rxe4 29. Qd1 (29. Qd3 $5 {A possible
improvement for the next try. Although if Black will not be entirely happy
with his compensation here, then there are plenty of possibilities earlier as
well.} Be5 (29... Kf8 {here this doesn't work so well:} 30. Nd4 Nh4 $2 31. Nxf5
$1 $18) 30. Ne3 Rh4 31. Nf1) 29... Kf8 30. Bf3 (30. Nd4 Nh4 31. Rg1 $140 Bxh2
$1 32. Ne6+ Rxe6 33. dxe6 Be5 {with a winning attack.}) 30... Re5 31. Bh5 Nh4
32. Rg1 Ng6 33. Rg2 (33. Nd4 Bxh2 34. Kxh2 f4 {[%cal Ge5h5]} (34... Nf4 $2 35.
Ne6+)) 33... Nh4 34. Rg1 Ng6 1/2-1/2

[Event "EU-chT (Men) 14th"]
[Site "Plovdiv"]
[Date "2003.10.17"]
[Round "6.2"]
[White "Tiviakov, Sergei"]
[Black "Smirin, Ilia"]
[Result "1-0"]
[WhiteElo "2601"]
[BlackElo "2670"]
[Annotator "Rogozenco,D"]
[PlyCount "47"]
[EventDate "2003.10.10"]
[EventType "team-swiss"]
[EventRounds "9"]
[EventCountry "BUL"]
[SourceTitle "CBM 098"]
[Source "ChessBase"]
[SourceDate "2004.02.03"]
[SourceVersion "1"]
[SourceVersionDate "2004.02.03"]
[SourceQuality "1"]
[WhiteTeam "Netherlands"]
[BlackTeam "Israel"]
[WhiteTeamCountry "NED"]
[BlackTeamCountry "ISR"]

1. e4 c5 2. Nc3 Nc6 3. Nge2 Nf6 4. d4 cxd4 5. Nxd4 e5 6. Ndb5 d6 7. Bg5 a6 8.
Na3 b5 9. Nd5 Be7 10. Bxf6 Bxf6 11. c3 O-O 12. Nc2 Bg5 13. a4 bxa4 14. Rxa4 a5
15. Bb5 Ne7 16. Nxe7+ (16. Ncb4 Bd7 (16... Be6 $6 17. Nxe7+ Qxe7 18. Bc6 $16 {
This position is clearly in White's favour.}) (16... Bh3 {Adorjan's nice idea,
played first by Leko in 2001 also gives Black equality.}) 17. Nxe7+ Bxe7 $1 18.
Nc6 (18. Bxd7 axb4 $1 $11) 18... Qe8 $11) 16... Qxe7 (16... Bxe7 17. Ne3 Rb8 (
17... Bb7 $5) 18. Qe2 (18. c4 Bb7 19. Qd3 Bg5 20. Nd5 Bxd5 21. Qxd5 Qb6 22. O-O
Bd8 23. Rd1 Bc7 24. Ra3 Qb7 25. Qxb7 {1/2-1/2 Spraggett,K-Tyomkin,D/Winnipeg
2003}) 18... Qb6 19. c4 Be6 20. O-O $14 {/= 1-0 Shirov,A-Van Wely,L/Monte
Carlo 2003 (43)}) 17. Nb4 (17. O-O {Is known to be harmless since the very
first game with 15.Bb5:} Qb7 18. Qd3 Be6 19. c4 Bd8 20. Qxd6 (20. Ne3 Bb6 21.
Qxd6 $140 Bxe3 22. fxe3 Qxe4) 20... Qxe4 21. Ne3 Qd4 22. Qa3 Bb6 23. Rd1 Bc5
24. Rxd4 Bxa3 25. Rd2 Bb4 26. Rd1 Rfd8 27. Raa1 Rd4 28. Nd5 {1/2-1/2 Smyslov,
V-Sveshnikov,E/Leningrad 1977. However, 17.Nb4 brings White no advantage
either.}) 17... Be6 $2 {Now we have the transposition to a favourable line for
White, see 16.Ncb4. Black has lots of better options than 17...Be6.} (17... Bh3
{Transposes to 16.Ncb4 Bh3 17.Nxe7 Qxe7, which gives Black enough chances for
counterplay. The latest example is:} 18. Bc6 Rac8 19. Rxa5 Bxg2 20. Rg1 Bh3 21.
Ra6 Be6 22. Bd5 Bh6 23. Qd3 Bxd5 24. Nxd5 Qh4 25. Rxd6 Ra8 $132 {1/2-1/2
Zapata,A-Ramirez,A/Santo Domingo 2003 (41)}) (17... Bg4 $1 {In this situation
a similar idea with Adorjan's 16...Bh3 looks like solving immediately all
Black's problems.} 18. Nd5 Bxd1 19. Nxe7+ Bxe7 20. Kxd1 Rab8 21. c4 Bd8 22. Ke2
f5 (22... Bb6 $11) 23. exf5 Rxf5 24. Rd1 Bb6 25. f3 Rf6 26. Rd2 Bc5 27. Bc6 Bb4
28. Rc2 Rh6 29. h3 Kf8 30. Be4 Rf6 31. Kd3 g6 32. Re2 Ke7 33. Kc2 Kd7 $11 {
1/2-1/2 Van den Doel,E-Nedev,T/Plovdiv 2003 (63)}) (17... Bb7 18. Nd5 Bxd5 19.
Qxd5 Qe6 20. Bc4 Qxd5 21. Bxd5 Rab8 22. b3 Bd8 {and Black achieved a draw
without major difficulties in Schneider,D-Czebe,A/Budapest 2003.}) (17... axb4
$2 {Only this move is worse than Smirin's 17...Be6.} 18. Rxa8 Qb7 19. Qd5 $18 {
1-0 Del Rio Angelis,S-Picazo Lopez,J/Albacete 2002 (30)}) 18. Bc6 Rac8 (18...
Rab8 19. Rxa5 Qc7 20. Rb5 $16) (18... Ra7 19. Nd5 Bxd5 20. Bxd5 Rb8 21. Qa1 $1
$16) 19. Rxa5 Rxc6 20. Nxc6 Qc7 {The more popular 20...Qb7 is also bad:} (20...
Qb7 21. h4 $16 Bf6 (21... Qxc6 22. hxg5 Qxe4+ 23. Kf1 f6 24. Ra4 Qb7 25. Qd3
$18 {1-0 Tiviakov,S-Aagaard,J/Breda 1998 (34)}) 22. Qxd6 Rc8 23. Ra6 Kh8 (23...
Qxb2 24. O-O Bc4 25. Rb6 Qe2 26. Rfb1 h5 27. Ne7+ Bxe7 28. Qxe7 Qxe4 29. Rb8
$18 {1-0 Stojanovic,D-Vukic,M/Novi Sad 2000 (34)}) 24. Ra1 Qxc6 25. Qxc6 Rxc6
26. Ra8+ Bc8 27. b4 $1 {the endgame is in White's favour, since 27...Rxc3 is
not possible because of 28.Kd2 followed by 29.Rc1. Compare it with a similar
endgame arising in the end of the line starting with 22...Rd8 (instead of 22...
Bc4 from the main game).}) 21. Ra6 Qb7 (21... Bc4 22. Qa4 Bxa6 23. Qxa6 $16)
22. Qxd6 (22. Qd3 Rc8 23. Na5 Qxb2 24. O-O Qxc3 25. Qxc3 Rxc3 26. Rxd6 {
White is clearly better, but it far from easy to convert the extra exchange.})
22... Bc4 $2 {A tactical blunder, which ends the game immediately.} (22... Rd8
23. Rb6 Rxd6 24. Rxb7 Rxc6 25. Rb8+ Bc8 {was played in Vaculik,M-Klima,L/
Olomouc 2002 (33), which was soon a draw by repetition after 26.Ke2. Instead,
White must play either 27.h4, or even 27.b4 immediately. Comparing this
endgame with a similar one after 20...Qb7, then in spite of certain
differences, it is still difficult for Black. The king is better on g8 than on
h8 and after h2-h4 Black can choose where to retreat the bishop, but on the
other hand White can choose whether to play h4 immediately. Another factor in
White's favour is that the rook is well placed on b8 instead of a8 (comparing
with the above-mentioned endgame), since it supports the advance of b-pawn.
The endgame needs a separate investigation, but the general feeling is that
Black is in big troubles.} 26. h4 ({After} 26. b4 {a sample variation where
Black holds is:} Rxc3 27. h4 Bh6 28. b5 g6 29. b6 Kg7 30. O-O Ba6 31. Rb1 Bd3
32. b7 Bxb1 33. Rg8+ Kxg8 34. b8=Q+ Bf8 35. Qxb1 h5 $14) 26... Bd8 $140 27. b4
$1 $16) 23. Rb6 $1 {A well-known motif.} (23. Ra7 Bd2+ (23... Qxb2 24. Qxf8+
Kxf8 25. Ra8+) 24. Qxd2 Qxc6 {would have lasted a bit longer, since Black can
play on for a while.}) 23... Qa8 (23... Qxb6 24. Ne7+ Bxe7 25. Qxb6 $18) 24.
Qxf8+ $1 (24. Qxf8+ Kxf8 25. Rb8+ Qxb8 26. Nxb8 Bb5 {and now everything wins,
the easiest is 27.b3, followed by 28.c4.}) 1-0